|
|
|
|
| LEADER |
00000naa a2200000uu 4500 |
| 001 |
vtls011076194 |
| 005 |
20260311112805.0 |
| 008 |
220810|2002 xo |||||||||||||||||cze| |
| 015 |
|
|
|a SNBRA
|
| 035 |
|
|
|a (urnnbn)urn:nbn:sk:snk:ar-a0ceo0
|
| 035 |
|
|
|a (uuid)68e43bd7-0b15-4ea0-8a37-82bea925c20a
|
| 035 |
|
|
|a urn:nbn:sk:snk-aavksx
|
| 040 |
|
|
|a SNKBUCL
|b slo
|c SNKBUCL
|e AACR2
|
| 041 |
0 |
|
|a cze
|
| 044 |
|
|
|a xo
|c SK
|
| 100 |
1 |
|
|a Šarmanová, Iveta
|4 aut
|9 789561
|
| 245 |
1 |
0 |
|a VLIV POHLAVÍ A VĚKU NA OBSAH FYZIOLOGICKY DŮLEŽITÝCH MASTNÝCH KYSELIN V MASE KRŮT
|c Iveta ŠARMANOVÁ, David KLADROBA, Eva FAJMONOVÁ, Jiří ZELENKA, Tomáš KOMPRDA
|
| 246 |
3 |
|
|a EFFECT OF SEX AND AGE ON PHYSIOLOGICALLY IMPORTANT FATTY ACID CONTENT IN TURKEY MEAT
|
| 700 |
1 |
|
|a Kladroba, David
|4 aut
|9 789562
|
| 700 |
1 |
|
|a Fajmonová, Eva,
|d 1935-
|4 aut
|9 27384
|
| 700 |
1 |
|
|a Zelenka, Jiří,
|d 1938-
|4 aut
|9 90862
|
| 700 |
1 |
|
|a Komprda, Tomáš
|4 aut
|9 789563
|
| 773 |
0 |
|
|t Dni výživy zvierat
|d V Nitre : Slovenská poľnohospodárska univerzita, 2002
|g S. 77-79
|z 8080690685
|
| 954 |
|
|
|a odborná, vedecká literatúra cudzojazyčná (svetová)
|2 lita
|
| 958 |
|
|
|a OND
|
| 958 |
|
|
|a article12
|
| 958 |
|
|
|a chapter
|
| 999 |
|
|
|c 1248613
|d 1250543
|